The surfing handbook : mastering the waves for beginning and amateur surfers

Bibliographic Details
Main Author: Marcus, Ben 1960-
Other Authors: Kanter, Kara
Format: Book
Published: Minneapolis : MVP Books , 2010
Subjects:

MARC

LEADER 00000cam a2200000 7i4500
001 0000157708
005 20120605.0
020 |a 9780760336922 
090 0 0 |a 797.32   |b MAR 
100 1 |a Marcus, Ben   |c 1960- 
245 1 4 |a The surfing handbook :   |b mastering the waves for beginning and amateur surfers   |c Ben Marcus ; photographs by, Kara Kanter 
260 |a Minneapolis :   |b MVP Books ,   |c 2010 
300 |a 208p. ;   |c 26cm. 
650 0 0 |a Surfing   |x Handbooks, manuals, etc 
700 1 |a Kanter, Kara 
999 |a 00259722   |b BUKU   |c PINJAMAN   |e PERPUSTAKAAN KOMUNITI PETALING JAYA